Homes wait for sale (Record no. 73088)

MARC details
000 -LEADER
fixed length control field 01162cam a2200205 4500
001 - CONTROL NUMBER
control field WB3928-10
008 - FIXED-LENGTH DATA ELEMENTS--GENERAL INFORMATION
fixed length control field 030722n2003 000 0 eng u
035 ## - SYSTEM CONTROL NUMBER
System control number (Sirsi) u123081
245 ## - TITLE STATEMENT
Title Homes wait for sale
260 ## - PUBLICATION, DISTRIBUTION, ETC.
Date of publication, distribution, etc. 2003
490 ## - SERIES STATEMENT
Series statement RICS Press Release
Volume/sequential designation (pr076) 21 July 2003 (3)
520 ## - SUMMARY, ETC.
Summary, etc. The number of unsold properties on surveyors' books has risen to the highest level since September 2000 as sales levels continue to fall, according to the latest "RICS housing market survey England and Wales". In June the average number of unsold properties per surveyor was 78, up 9% since March and up 34% from this time last year. However, there are signs of buyers returning to the market, strengthening prices in London and southeast England, and improved confidence levels among surveyors. Graph. http://www.rics.org/ricscms/bin/show?class=PressRelease&template=/includes/showpr.html&id=962&faculty=RICS
590 ## - LOCAL NOTE (RLIN)
Local note WB
650 ## - SUBJECT ADDED ENTRY--TOPICAL TERM
Topical term or geographic name entry element RICS HOUSING MARKET SURVEY ENGLAND AND WALES
650 ## - SUBJECT ADDED ENTRY--TOPICAL TERM
Topical term or geographic name entry element HOUSE PRICES
650 ## - SUBJECT ADDED ENTRY--TOPICAL TERM
Topical term or geographic name entry element Sales
9 (RLIN) 6269
650 ## - SUBJECT ADDED ENTRY--TOPICAL TERM
Topical term or geographic name entry element CONFIDENCE
690 ## - LOCAL SUBJECT ADDED ENTRY--TOPICAL TERM (OCLC, RLIN)
Topical term or geographic name as entry element PROPERTY-RESIDENTIAL PROPERTY-RESIDENTIAL PROPERTY MARKET
942 ## - ADDED ENTRY ELEMENTS (KOHA)
Suppress in OPAC 0
Holdings
Withdrawn status Lost status Source of classification or shelving scheme Damaged status Not for loan Home library Current library Shelving location Date acquired Total Checkouts Full call number Barcode Date last seen Copy number Price effective from Koha item type
    Dewey Decimal Classification     London London News article 22/07/2003   WB3928-10 123081-1001 06/08/2019 1 06/08/2019 News article